000 00706nam a2200217 u 4500
005 20221115063527.0
008 130314s2007 r 000 0 eng d
020 _a1404266143
035 _aUPN01000190281
049 _aI
050 4 _aPZ76.3
_bL4.36
100 1 _aLevy, Janey
_933671
245 1 4 _aLos cochinitos salen de día de campo /
_cJaney Levy ; tr. José María Obregón.
260 _aNew York :
_bRosen Classroom Books & Materials,
_c2007.
300 _a12 p. :
_bprincipalmente il. col.
440 0 _aLecturas del barrio.
_pFantasía
650 7 _aAnimales
_vLiteratura infantil
_2
_91061
650 7 _aLibros ilustrados para niños
_2
_921365
905 _aInfantil
999 _c162384
_d162384